Arts-Based Methods for Decolonising Participatory Research (Record no. 44660)

MARC details
000 -LEADER
fixed length control field 01707nam a2200229Ia 4500
000 - LEADER
fixed length control field 03145naaa 00697uu
001 - CONTROL NUMBER
control field https://directory.doabooks.org/handle/20.500.12854/67947
008 - FIXED-LENGTH DATA ELEMENTS--GENERAL INFORMATION
fixed length control field 211013s9999 xx 000 0 und d
020 ## - INTERNATIONAL STANDARD BOOK NUMBER
International Standard Book Number 9781003053408
024 ## - OTHER STANDARD IDENTIFIER
Standard number or code 10.4324/9781003053408
042 ## - AUTHENTICATION CODE
Authentication code dc
245 #0 - TITLE STATEMENT
Title Arts-Based Methods for Decolonising Participatory Research
260 ## - PUBLICATION, DISTRIBUTION, ETC.
Name of publisher, distributor, etc. Taylor & Francis
Date of publication, distribution, etc. 2021
300 ## - PHYSICAL DESCRIPTION
Extent 1 electronic resource (278 p.)
520 ## - SUMMARY, ETC.
Summary, etc. In an effort to challenge the ways in which colonial power relations and Eurocentric knowledges are reproduced in participatory research, this book explores whether and how it is possible to use arts-based methods for creating more horizontal and democratic research practices. In discussing both the transformative potential and limitations of arts-based methods, the book asks: What can arts-based methods contribute to decolonising participatory research and its processes and practices? The book takes part in ongoing debates related to the need to decolonise research, and investigates practical contributions of arts-based methods in the practice-led research domain. Further, it discusses the role of artistic research in depth, locating it in a decolonising context. The book will be of interest to scholars working in art history, design, fine arts, service design, social sciences and development studies.
540 ## - TERMS GOVERNING USE AND REPRODUCTION NOTE
Terms governing use and reproduction Creative Commons
653 ## - INDEX TERM--UNCONTROLLED
Uncontrolled term academia
700 1# - ADDED ENTRY--PERSONAL NAME
Personal name Seppala, Tiina
856 ## - ELECTRONIC LOCATION AND ACCESS
Uniform Resource Identifier <a href="https://docs.google.com/spreadsheets/d/1yKIrdCPDAG_9c22mwoOIO2DOhtj65Wqa/edit?usp=sharing&ouid=106555315294820607512&rtpof=true&sd=true ">https://docs.google.com/spreadsheets/d/1yKIrdCPDAG_9c22mwoOIO2DOhtj65Wqa/edit?usp=sharing&ouid=106555315294820607512&rtpof=true&sd=true </a>
Link text List of Curated E-Books
942 ## - ADDED ENTRY ELEMENTS (KOHA)
Koha item type E-Book
Holdings
Withdrawn status Source of classification or shelving scheme Damaged status Not for loan Home library Current library Date acquired Total Checkouts Date last seen Price effective from Koha item type
  Library of Congress Classification   Not For Loan Directory of Open Access Books Directory of Open Access Books 12/22/2021   12/22/2021 12/22/2021 E-Book

University of Rizal System
Email us at univlibservices@urs.edu.ph

Visit our Website www.urs.edu.ph/library